00425cam a2200145ua 45000010005000000080039000050400009000440820010000532450068000632600034001313000013001656530023001786530048002017000030002496681140308n ii |||gr||||Z||||||eng cMAIN a658.3 aPersonnel management & Industrial relationscBy T.N. Bhagoliwal aAgra:bSahitya bhawan,c1987. avi,688p. aGeneral management aPersonnel management & Industrial relations aBhagoliwal,T.N.,eAuthor.